000 00582nam a2200205Ia 4500
005 20250326144507.0
008 250326s9999 xx 000 0 und d
020 _a978 1 84334 244 1
037 _aTextbook
040 _aFMSL
_beng
_cFMSL
041 _aeng
_2eng
084 _aX:74.4 P8
_qFMSL
100 _aCarney M
_9749763
245 0 _aAsian business groups : context, goverce and performance
_cCarney M
260 _aOxford
_bOxford, Chandos
_c2008
300 _a318p
365 _b4846.9575000000004
942 _cTB
_hX:74.4 P8
999 _c1303911
_d1303911